| 000 | 00508nam a2200193Ia 4500 | ||
|---|---|---|---|
| 008 | 170203s9999 xx 000 0 und d | ||
| 020 | _a9789712721472 | ||
| 050 | _a641.7 | ||
| 050 | _b2009` | ||
| 245 | _aBaking handbook : | ||
| 245 | _bfor quick bread, yeast bread, cookies, cakes, pies and pastries / | ||
| 245 | _cedited by Rory C. Subida. | ||
| 260 | _aPasig City : | ||
| 260 | _bAnvil Publishing Inc., | ||
| 260 | _c2009 | ||
| 300 | _a126 pages : | ||
| 300 | _c25 cm. | ||
| 650 | _aBaking. | ||
| 999 |
_c305476 _d305476 |
||